000 00411pab a2200169 454500
008 180718b2010 xxu||||| |||| 00| 0 eng d
100 _aAide, Santiago Acosta
245 _aValues and virtues in the era of globalization
260 _c2010
300 _ap.6-11.
362 _a27 Sep
650 _aGlobalization
650 _aValues education
773 _aUniversity News
908 _aN
909 _a87978
999 _c87978
_d87978